02022nam a2200385 a 4500001001200000003000800012006001900020007001500039008004100054010001700095020001500112040002100127035002100148050002600169082002700195110009700222245035600319260005500675300002200730490007900752504005400831533015200885650005501037650007101092650004901163650007501212650006601287655002901353700005201382700002201434700002001456710001701476856012601493999001701619ebr10041088CaPaEBRm u cr cn|||||||||980910s1998 dcua sb 000 0 eng  z 98194377  z0309060451 aCaPaEBRcCaPaEBR a(OCoLC)13316076114aHQ792.U5bN373 1998eb04a305.23/086/94209732212 aNational Research Council (U.S.).bPanel on Estimates of Poverty for Small Geographic Areas.10aInterim report 2h[electronic resource] :bevaluation of 1993 county estimates for title 1 allocations /cConstance F. Citro, Michael L. Cohen, and Graham Kalton, editors ; Panel on Estimates of Poverty for Small Geographic Areas, Committee on National Statistics, Commission on Behavioral and Social Sciences and Education, National Research Council. aWashington, D.C. :bNational Academy Press,c1998. ax, 173 p. :bill.0 aThe compass series: small-area estimates of school-age children in poverty aIncludes bibliographical references (p. 166-168). aElectronic reproduction.bPalo Alto, Calif. :cebrary,d2009.nAvailable via World Wide Web.nAccess may be limited to ebrary affiliated libraries. 0aPoor childrenzUnited StatesxStatistical methods. 0aChildrenzUnited StatesxEconomic conditionsxStatistical methods. 0aPovertyzUnited StatesxStatistical methods. 0aPoor childrenxEducationzUnited StatesxFinancexStatistical methods. 0aFederal aid to educationzUnited StatesxStatistical methods. 7aElectronic books.2local1 aCitro, Constance F.q(Constance Forbes),d1942-1 aCohen, Michael L.1 aKalton, Graham.2 aebrary, Inc.40uhttp://site.ebrary.com/lib/rucke/Doc?id=10041088zAn electronic book accessible through the World Wide Web; click to view c60721d60721